书目信息 |
| 题名: |
公路工程水泥及水泥混凝土试验规程
|
|
| 作者: | ;交通部公路科学研究所 , 交通部公路科学研究所 主编 | |
| 分册: | ||
| 出版信息: | 北京 人民交通出版社 2005.07 |
|
| 页数: | 143页 | |
| 开本: | 30cm | |
| 丛书名: | 中华人民共和国交通行业标准 | |
| 单 册: | ||
| 中图分类: | T-652.2 , U414.103-65 | |
| 科图分类: | ||
| 主题词: | 泥混凝土--试验规程 , 公路工程--水泥试验--规程 , 道路工程 | |
| 电子资源: | ||
| ISBN: | ||
| 000 | 01418nam 2200349 450 | |
| 001 | 010243106672 | |
| 005 | 20140506153922.67 | |
| 010 | @dCNY32.00 | |
| 091 | @a15114.0830@dCNY32.00 | |
| 094 | @aCN@bJTG E30-2005 | |
| 100 | @a20050830d2005 km y0chiy0120 ea | |
| 101 | 0 | @achi |
| 102 | @aCN@b110000 | |
| 105 | @aa z 000yy | |
| 200 | 1 | @a公路工程水泥及水泥混凝土试验规程@Agong lu gong cheng shui ni ji shui ni hun ning tu shi yan gui cheng@d= Test Methods of Cement and Concrete for Highway Engineering@f交通部公路科学研究所主编@Fjiao tong bu gong lu ke xue yan jiu suo zhu bian@zeng |
| 210 | @a北京@c人民交通出版社@d2005.07 | |
| 215 | @a143页@c图@d30cm | |
| 225 | 2 | @a中华人民共和国交通行业标准 |
| 300 | @a批准部门:中华人民共和国交通部 | |
| 300 | @a发布日期:2005年3月3日;施行日期:2005年08月01日 | |
| 330 | @a本书内容包括:水泥试验,水泥混凝土拌合物试验,硬化水泥混凝土性能试验。 | |
| 410 | 0 | @12001 @a中华人民共和国交通行业标准 |
| 510 | 1 | @aTest Methods of Cement and Concrete for Highway Engineering@zeng |
| 606 | 0 | @a泥混凝土@x试验规程 |
| 606 | 0 | @a公路工程@x水泥试验@x规程 |
| 606 | 0 | @a道路工程 |
| 690 | @aT-652.2@v4 | |
| 690 | @aU414.103-65@v3 | |
| 711 | 02 | @a交通部公路科学研究所@Ajiao tong bu gong lu ke xue yan jiu suo@4主编 |
| 711 | 0 | @a交通部公路科学研究所@Ajiao tong bu gong lu ke xue yan jiu suo@4主编 |
| 801 | 0 | @aCN@bQSSK@c20051110 |
| 905 | @a10447@dU414.103-65@eJ620 | |
| 公路工程水泥及水泥混凝土试验规程= Test Methods of Cement and Concrete for Highway Engineering/交通部公路科学研究所主编.-北京:人民交通出版社,2005.07 |
| 143页:图;30cm.-(中华人民共和国交通行业标准) |
| 批准部门:中华人民共和国交通部.-发布日期:2005年3月3日;施行日期:2005年08月01日 |
| ISBN :CNY32.00 |
| 本书内容包括:水泥试验,水泥混凝土拌合物试验,硬化水泥混凝土性能试验。 |
| ● |
| 相关链接 |
|
|
|
正题名:公路工程水泥及水泥混凝土试验规程
索取号:U414.103-65/J620
 
预约/预借
| 序号 | 登录号 | 条形码 | 馆藏地/架位号 | 状态 | 备注 |
| 1 | 486143 | 204861435 | 土木与交通工程学院资料室/ [索取号:U414.103-65/J620] | 在馆 | |
| 2 | 493502 | 204935026 | 土木与交通工程学院资料室/ [索取号:U414.103-65/J620] | 在馆 | |
| 3 | 493503 | 204935035 | 土木与交通工程学院资料室/ [索取号:U414.103-65/J620] | 在馆 | |
| 4 | 493504 | 204935044 | 土木与交通工程学院资料室/ [索取号:U414.103-65/J620] | 在馆 | |
| 5 | 493505 | 204935053 | 土木与交通工程学院资料室/ [索取号:U414.103-65/J620] | 在馆 | |
| 6 | 493506 | 204935062 | 土木与交通工程学院资料室/ [索取号:U414.103-65/J620] | 在馆 | |
| 7 | 574709 | 205747094 | 自科二线504/504自科库 12排2列2层/ [索取号:U414.103-65/J620] | 在馆 | |
| 8 | 574710 | 205747101 | 自科库501/501自科库 51排7列1层/ [索取号:U414.103-65/J620] | 在馆 | |
| 9 | 574711 | 205747110 | 自科库501/501自科库 51排7列1层/ [索取号:U414.103-65/J620] | 在馆 |